<?xml version="1.0" encoding="UTF-8"?>
<collection xmlns="http://www.loc.gov/MARC21/slim">
 <record>
  <leader>00389pamaa2200133   4500</leader>
  <controlfield tag="001">0000013803</controlfield>
  <controlfield tag="005">20070115090000.0</controlfield>
  <datafield tag="020" ind1="0" ind2="0">
   <subfield code="a">[nil] </subfield>
  </datafield>
  <datafield tag="090" ind1="0" ind2="0">
   <subfield code="a">PG3366.A13 </subfield>
   <subfield code="b">TOL 1961</subfield>
  </datafield>
  <datafield tag="100" ind1="1" ind2="0">
   <subfield code="a">TOLSTOY </subfield>
  </datafield>
  <datafield tag="245" ind1="1" ind2="4">
   <subfield code="a">The Cossacks : </subfield>
   <subfield code="b">the raid  </subfield>
   <subfield code="c">Leo N. Tolstoy ; translated from Russian by Andrew R. MacAndrew.</subfield>
  </datafield>
  <datafield tag="260" ind1="0" ind2="0">
   <subfield code="a">Geneva: </subfield>
   <subfield code="b">The New English Library, </subfield>
   <subfield code="c">1961.</subfield>
  </datafield>
  <datafield tag="300" ind1=" " ind2=" ">
   <subfield code="a">279p.: </subfield>
   <subfield code="b">21cm.</subfield>
  </datafield>
  <datafield tag="650" ind1="0" ind2="0">
   <subfield code="a">Fiction </subfield>
  </datafield>
 </record>
</collection>
